[Event "1er Grand Prix de l'Essonne D"]
[Site "Orsay"]
[Date "2009.02.15"]
[Round "1"]
[White "Vedrunes, Jean"]
[Black "Imperor, Lorene"]
[Result "0-1"]
[WhiteElo "1767"]
[BlackElo "1638"]
[PlyCount "102"]
[EventDate "2009.02.15"]
[EventType "tourn"]
[EventRounds "7"]
[EventCountry "FRA"]

1. d4 d5 2. c4 c6 3. Nc3 Nf6 4. Nf3 e6 5. Bg5 Be7 6. e3 O-O 7. Bd3 Nbd7 8. O-O
dxc4 9. Bxc4 b5 10. Bd3 a6 11. Rc1 Bb7 12. e4 c5 13. dxc5 Nxc5 14. Bb1 Nfxe4
15. Bxe7 Qxe7 16. Qc2 Nf6 17. Ng5 g6 18. Nxb5 Nfd7 19. b4 Qxg5 20. f4 Qf6 21.
bxc5 axb5 22. c6 Rac8 23. Qd2 Bxc6 24. Rxc6 Rxc6 25. Qxd7 Rfc8 26. Be4 Rc5 27.
g3 Qd8 28. Qxd8+ Rxd8 29. Rf2 Rc1+ 30. Kg2 Rcd1 31. Bf3 R1d2 32. a3 Rxf2+ 33.
Kxf2 Rd3 34. Be2 Rb3 35. Ke1 Kg7 36. h3 Kf6 37. Kf2 Kf5 38. Bf1 Ke4 39. Bg2+
Kd4 40. Bc6 Kc5 41. Be8 f5 42. Bf7 Rxa3 43. Bxe6 b4 44. g4 fxg4 45. hxg4 b3 46.
Kg3 b2+ 47. Kh4 b1=Q 48. f5 Qe1+ 49. Kg5 Qe3+ 50. Kf6 Qd4+ 51. Ke7 Ra7+ 0-1

[Event "1er Grand Prix de l'Essonne D"]
[Site "Orsay"]
[Date "2009.02.15"]
[Round "1"]
[White "Cretois, Alain"]
[Black "Cibiel, Fanny"]
[Result "1-0"]
[WhiteElo "1740"]
[BlackElo "1340"]
[PlyCount "75"]
[EventDate "2009.02.15"]
[EventType "tourn"]
[EventRounds "7"]
[EventCountry "FRA"]

1. d4 e6 2. Nf3 d5 3. Nc3 c5 4. e3 Nc6 5. Be2 cxd4 6. exd4 Qb6 7. O-O Nge7 8.
Na4 Qa5 9. Nc5 Nf5 10. Bd2 Qc7 11. c3 Bxc5 12. dxc5 O-O 13. b4 d4 14. Qc2 Rd8
15. b5 dxc3 16. Qxc3 Ncd4 17. Nxd4 Nxd4 18. Bd3 b6 19. c6 a6 20. a4 axb5 21.
axb5 Rxa1 22. Rxa1 Rd5 23. Qb2 Qe5 24. Bc3 Qd6 25. Ra8 Qd8 26. Bxd4 h6 27. Bf1
Rxd4 28. Rxc8 Qxc8 29. Qxd4 Qe8 30. Qd7 Qf8 31. c7 e5 32. c8=Q Qxc8 33. Qxc8+
Kh7 34. Qf5+ Kg8 35. Bc4 Kh8 36. Qxf7 Kh7 37. Bd3+ Kh8 38. Qf8# 1-0

[Event "1er Grand Prix de l'Essonne D"]
[Site "Orsay"]
[Date "2009.02.16"]
[Round "2"]
[White "Chanut, Pierre"]
[Black "Cretois, Alain"]
[Result "0-1"]
[WhiteElo "1604"]
[BlackElo "1740"]
[PlyCount "56"]
[EventDate "2009.02.15"]
[EventType "tourn"]
[EventRounds "7"]
[EventCountry "FRA"]

1. d4 d5 2. e4 dxe4 3. Nc3 Nf6 4. f3 e3 5. Bxe3 e6 6. Bd3 Nd5 7. Nxd5 exd5 8.
Qd2 Nd7 9. c4 Nb6 10. Rc1 Nxc4 11. Bxc4 dxc4 12. Rxc4 Be6 13. Rc1 Bxa2 14. Qa5
Qe7 15. Kf2 Be6 16. d5 b6 17. Qa2 Bc8 18. Bf4 Qb4 19. Bxc7 Bc5+ 20. Kg3 O-O 21.
Be5 Qd2 22. Nh3 Bxh3 23. Kxh3 Qh6+ 24. Kg4 f5+ 25. Kg3 f4+ 26. Kg4 Qg6+ 27. Kh4
Be7+ 28. Kh3 Qh5# 0-1

[Event "1er Grand Prix de l'Essonne D"]
[Site "Orsay"]
[Date "2009.02.16"]
[Round "2"]
[White "Poilane, Anthony"]
[Black "Vedrunes, Jean"]
[Result "1-0"]
[WhiteElo "1735"]
[BlackElo "1767"]
[PlyCount "77"]
[EventDate "2009.02.15"]
[EventType "tourn"]
[EventRounds "7"]
[EventCountry "FRA"]

1. e4 e6 2. d4 d5 3. Nd2 c5 4. exd5 Qxd5 5. Ngf3 Nc6 6. Bc4 Qd8 7. O-O Nxd4 8.
Nxd4 Qxd4 9. c3 Qd8 10. Qf3 Qc7 11. Ne4 Bd6 12. Nxd6+ Qxd6 13. Bb5+ Ke7 14. Rd1
Qb6 15. Qd3 Nf6 16. Bg5 Rd8 17. Qe2 Bd7 18. Bxd7 Rxd7 19. Rxd7+ Kxd7 20. Rd1+
Ke7 21. Qc4 Qc6 22. Be3 b6 23. Qd3 h6 24. Bf4 Nd5 25. Bg3 c4 26. Qh7 Qa4 27.
Qb1 g6 28. Re1 Qc6 29. Qe4 Rc8 30. Qh4+ Ke8 31. Qxh6 Qa4 32. Qh8+ Ke7 33. Qxc8
Qxa2 34. Qb7+ Kf6 35. Be5+ Kf5 36. Qxf7+ Kg5 37. f4+ Kh6 38. g4 Qxb2 39. Qg7#
1-0

[Event "1er Grand Prix de l'Essonne D"]
[Site "Orsay"]
[Date "2009.02.17"]
[Round "3"]
[White "Cretois, Alain"]
[Black "Imperor, Lorene"]
[Result "1/2-1/2"]
[WhiteElo "1740"]
[BlackElo "1638"]
[PlyCount "107"]
[EventDate "2009.02.15"]
[EventType "tourn"]
[EventRounds "7"]
[EventCountry "FRA"]

1. f4 d5 2. e3 Nf6 3. Be2 c5 4. Nf3 Nc6 5. b3 g6 6. Bb2 Bg7 7. O-O O-O 8. Ne5
Qd6 9. d4 Bf5 10. Nxc6 Qxc6 11. c4 Rfd8 12. Bf3 Be4 13. Nd2 Bxf3 14. Qxf3 Rac8
15. cxd5 Nxd5 16. e4 Nb6 17. d5 Qd6 18. Bxg7 Kxg7 19. Qc3+ Kg8 20. Nc4 Nxc4 21.
bxc4 Qd7 22. Rf3 e6 23. Qf6 exd5 24. exd5 Re8 25. Raf1 Qe7 26. Qc3 a6 27. f5
Qe5 28. Qxe5 Rxe5 29. fxg6 fxg6 30. Rf7 b5 31. d6 Rd8 32. d7 Rf5 33. R7xf5 gxf5
34. cxb5 axb5 35. Rxf5 Rxd7 36. Rxc5 Rd1+ 37. Kf2 Rd2+ 38. Kg3 Rxa2 39. Rxb5
Ra3+ 40. Kh4 Ra4+ 41. g4 Ra2 42. h3 Ra4 43. Kh5 Ra6 44. Rf5 Re6 45. g5 Rb6 46.
h4 Ra6 47. Kg4 Ra4+ 48. Rf4 Rxf4+ 49. Kxf4 Kg7 50. h5 Kf7 51. Kf5 Kg7 52. Ke6
Kg8 53. Kf6 Kf8 54. Ke6 1/2-1/2

[Event "1er Grand Prix de l'Essonne D"]
[Site "Orsay"]
[Date "2009.02.17"]
[Round "3"]
[White "Cibiel, Fanny"]
[Black "Chanut, Pierre"]
[Result "0-1"]
[WhiteElo "1340"]
[BlackElo "1604"]
[PlyCount "92"]
[EventDate "2009.02.15"]
[EventType "tourn"]
[EventRounds "7"]
[EventCountry "FRA"]

1. e4 c5 2. c3 Nf6 3. e5 Nd5 4. d4 cxd4 5. cxd4 d6 6. Nf3 Nc6 7. Bc4 e6 8. Nc3
Nb6 9. Bb5 a6 10. Bxc6+ bxc6 11. O-O Be7 12. Bf4 d5 13. Qe2 a5 14. Qe3 Nc4 15.
Qc1 Rb8 16. b3 Ba3 17. Qc2 Nb6 18. Ne2 h6 19. Qxc6+ Bd7 20. Qc3 Bb5 21. Qe1 Rc8
22. Qxa5 Bxe2 23. Rfe1 Bb2 24. Rab1 Bc3 25. Qa3 Bxf3 26. Rbc1 Bxe1 27. Rxc8
Qxc8 28. gxf3 Bc3 29. Qc5 Qxc5 30. dxc5 Na8 31. c6 O-O 32. a3 Rc8 33. b4 Rxc6
34. b5 Rc4 35. Be3 d4 36. Bc1 d3 37. Kf1 d2 38. Bxd2 Bxd2 39. Kg2 Bf4 40. Kh3
h5 41. Kh4 g6 42. b6 Nxb6 43. Kh3 Rc1 44. Kg2 Ra1 45. a4 Nxa4 46. Kh3 Rg1 0-1

[Event "1er Grand Prix de l'Essonne D"]
[Site "Orsay"]
[Date "2009.02.18"]
[Round "4"]
[White "Imperor, Lorene"]
[Black "Cibiel, Fanny"]
[Result "1-0"]
[WhiteElo "1638"]
[BlackElo "1340"]
[PlyCount "103"]
[EventDate "2009.02.15"]
[EventType "tourn"]
[EventRounds "7"]
[EventCountry "FRA"]

1. f4 d5 2. Nf3 Nf6 3. e3 g6 4. b3 Bg7 5. Bb2 O-O 6. Be2 Be6 7. O-O c5 8. d3
Nc6 9. Qe1 d4 10. e4 Qa5 11. Qxa5 Nxa5 12. Ne5 Nc6 13. Nxc6 bxc6 14. Nd2 Bg4
15. Bxg4 Nxg4 16. Nc4 Ne3 17. Nxe3 dxe3 18. Bxg7 e2 19. Rf2 Kxg7 20. Rxe2 Rfd8
21. Rf1 Rab8 22. f5 c4 23. dxc4 Rd7 24. fxg6 hxg6 25. Ref2 e6 26. a3 Rbd8 27.
h3 Rd1 28. Rxf7+ Kg8 29. R7f6 Rxf1+ 30. Rxf1 Rd2 31. Rf6 Rxc2 32. Rxe6 Kf7 33.
Rxc6 a5 34. Ra6 Re2 35. Rxa5 Rxe4 36. c5 Re3 37. b4 Rc3 38. Ra7+ Kf6 39. a4 Kg5
40. Rd7 Kh6 41. a5 Rb3 42. Rb7 Ra3 43. c6 Rc3 44. c7 Kh5 45. Kh2 Kh6 46. a6 Kg5
47. a7 Kf5 48. a8=Q Kf4 49. Qf8+ Ke3 50. Qf3+ Kd2 51. Qxc3+ Kxc3 52. c8=Q+ 1-0

[Event "1er Grand Prix de l'Essonne D"]
[Site "Orsay"]
[Date "2009.02.18"]
[Round "4"]
[White "Poilane, Anthony"]
[Black "Cretois, Alain"]
[Result "1/2-1/2"]
[WhiteElo "1735"]
[BlackElo "1740"]
[PlyCount "124"]
[EventDate "2009.02.15"]
[EventType "tourn"]
[EventRounds "7"]
[EventCountry "FRA"]

1. e4 c5 2. Nf3 Nc6 3. d4 cxd4 4. Nxd4 d6 5. c4 Nf6 6. Nc3 Bd7 7. Be2 e6 8. Be3
a6 9. Qd2 Be7 10. O-O Nxd4 11. Bxd4 Bc6 12. Qd3 O-O 13. f4 Qc7 14. Rad1 Rad8
15. Qe3 Rd7 16. e5 dxe5 17. Bxe5 Qd8 18. Rxd7 Nxd7 19. Rd1 Bf6 20. Bxf6 Qxf6
21. Bf3 Nb8 22. b3 Bxf3 23. Qxf3 Nc6 24. Ne4 Qb2 25. Rd2 Qa3 26. Qd1 Qe7 27.
Rd7 Rd8 28. Rxd8+ Qxd8 29. Qxd8+ Nxd8 30. Nc5 Kf8 31. Kf2 Ke7 32. Ke3 Kd6 33.
Ne4+ Ke7 34. Kd4 f5 35. Nc3 b6 36. Na4 Nc6+ 37. Kc3 b5 38. cxb5 axb5 39. Nc5
Kd6 40. b4 e5 41. fxe5+ Kxe5 42. a4 bxa4 43. Nxa4 Ke4 44. b5 Nd8 45. Kd2 Kd4
46. b6 Kc4 47. Ke3 Kb5 48. Nc3+ Kc6 49. Kf4 Kxb6 50. Kxf5 Kc6 51. Ne4 Kd5 52.
Ng5 h6 53. Nh7 Ne6 54. g3 Kd6 55. Kg6 Ke5 56. Nf8 Nxf8+ 57. Kxg7 Ne6+ 58. Kxh6
Kf5 59. h3 Ng5 60. g4+ Kf4 61. h4 Ne6 62. g5 Kg4 1/2-1/2

[Event "1er Grand Prix de l'Essonne D"]
[Site "Orsay"]
[Date "2009.02.19"]
[Round "5"]
[White "Cretois, Alain"]
[Black "Vedrunes, Jean"]
[Result "0-1"]
[WhiteElo "1740"]
[BlackElo "1757"]
[PlyCount "94"]
[EventDate "2009.02.15"]
[EventType "tourn"]
[EventRounds "7"]
[EventCountry "FRA"]

1. f4 d5 2. e3 c5 3. Nf3 Nc6 4. Be2 g6 5. Ne5 Nxe5 6. fxe5 Bg7 7. d4 e6 8. O-O
Ne7 9. c3 O-O 10. Bd3 Nc6 11. Nd2 b6 12. Nf3 a5 13. Qe2 Bb7 14. Bd2 Qc8 15. b4
axb4 16. cxb4 c4 17. Bc2 Na7 18. Rfc1 b5 19. a4 bxa4 20. Bxa4 Bc6 21. Bc3 Bxa4
22. Rxa4 Qc6 23. Rca1 Nb5 24. Rxa8 Rxa8 25. Rxa8+ Qxa8 26. Qb2 Nxc3 27. Qxc3
Qa4 28. Ne1 Bf8 29. Nc2 Qb3 30. Qxb3 cxb3 31. Na3 Bxb4 32. Nb1 Kf8 33. Kf2 Ke7
34. Kf3 Kd7 35. e4 Kc6 36. Ke3 Kb5 37. exd5 exd5 38. Kd3 Ka4 39. Ke3 b2 40. Kf4
Kb3 41. Kg5 Kc2 42. Kf6 Kxb1 43. Kxf7 Kc2 44. e6 b1=Q 45. e7 Bxe7 46. Kxe7 Qf1
47. Ke6 Qxg2 0-1

[Event "1er Grand Prix de l'Essonne D"]
[Site "Orsay"]
[Date "2009.02.19"]
[Round "5"]
[White "Cibiel, Fanny"]
[Black "Poilane, Anthony"]
[Result "0-1"]
[WhiteElo "1340"]
[BlackElo "1735"]
[PlyCount "92"]
[EventDate "2009.02.15"]
[EventType "tourn"]
[EventRounds "7"]
[EventCountry "FRA"]

1. e4 c5 2. c3 Nc6 3. d4 cxd4 4. cxd4 d5 5. exd5 Qxd5 6. Nf3 Bg4 7. Be2 e6 8.
Nc3 Qa5 9. O-O Nf6 10. Bd2 Qd8 11. Qa4 Qd7 12. Ne5 Nxe5 13. Qxd7+ Nexd7 14.
Bxg4 Nxg4 15. Nb5 Kd8 16. Bf4 a6 17. Nd6 Bxd6 18. Bxd6 Nb6 19. Rac1 Nd5 20. Rc5
Rc8 21. Rfc1 Rxc5 22. Rxc5 Kd7 23. Bg3 Rc8 24. Rxc8 Kxc8 25. h3 Nh6 26. a3 Nf5
27. Bd6 Kd7 28. Bc5 b6 29. Bf8 Ke8 30. Bb4 Nxb4 31. axb4 Nxd4 32. Kf1 Kd7 33.
Ke1 Kc6 34. Kd2 Kb5 35. Kc3 Nc6 36. Kb3 Nxb4 37. g4 Nd3 38. h4 Nxf2 39. g5 Ng4
40. Kc2 Kb4 41. b3 a5 42. h5 e5 43. g6 fxg6 44. hxg6 hxg6 45. Kb2 e4 46. Kc1
Kxb3 0-1

[Event "1er Grand Prix de l'Essonne D"]
[Site "Orsay"]
[Date "2009.02.19"]
[Round "5"]
[White "Chanut, Pierre"]
[Black "Imperor, Lorene"]
[Result "0-1"]
[WhiteElo "1604"]
[BlackElo "1638"]
[PlyCount "92"]
[EventDate "2009.02.15"]
[EventType "tourn"]
[EventRounds "7"]
[EventCountry "FRA"]

1. d4 d5 2. e4 dxe4 3. Nc3 Nf6 4. f3 exf3 5. Nxf3 Bg4 6. h3 Bxf3 7. Qxf3 c6 8.
Be3 e6 9. Bd3 Nbd7 10. O-O Be7 11. g4 O-O 12. g5 Ne8 13. h4 Qa5 14. a3 Rd8 15.
Qe4 g6 16. Bf4 Bd6 17. Qe3 e5 18. Bxe5 Nxe5 19. b4 Qb6 20. Na4 Qc7 21. dxe5
Bxe5 22. Rae1 Bd4 23. Rf3 Bxe3+ 24. Rfxe3 Qf4 25. Re4 Qg3+ 26. Kh1 Ng7 27. R1e3
Qd6 28. Nc5 Rde8 29. Rxe8 Rxe8 30. Ne4 Qd8 31. Nf6+ Kh8 32. Rf3 Re1+ 33. Kg2
Qe7 34. Kf2 Re6 35. Ng4 c5 36. Bc4 Re4 37. Rxf7 Qd8 38. Be2 Nh5 39. Nh6 Qd4+
40. Ke1 Rf4 41. Re7 Qc3+ 42. Kd1 Rd4+ 43. Bd3 Ng7 44. Rxb7 Rxd3+ 45. cxd3 Qxd3+
46. Kc1 Qf1+ 0-1

[Event "1er Grand Prix de l'Essonne D"]
[Site "Orsay"]
[Date "2009.02.20"]
[Round "6"]
[White "Poilane, Anthony"]
[Black "Chanut, Pierre"]
[Result "1/2-1/2"]
[WhiteElo "1735"]
[BlackElo "1604"]
[PlyCount "81"]
[EventDate "2009.02.15"]
[EventType "tourn"]
[EventRounds "7"]
[EventCountry "FRA"]

1. e4 c5 2. Nf3 e6 3. d4 cxd4 4. Nxd4 Nf6 5. Nc3 Nc6 6. Be2 d6 7. Be3 Be7 8.
O-O O-O 9. Qd2 Bd7 10. Ndb5 Ne8 11. f4 a6 12. Nd4 Nxd4 13. Bxd4 Rc8 14. f5 Bg5
15. Qd3 e5 16. Be3 Bxe3+ 17. Qxe3 Nf6 18. Rad1 Qc7 19. Rd2 Bc6 20. g4 h6 21. h4
Rfd8 22. Rfd1 Kf8 23. g5 hxg5 24. hxg5 Ne8 25. Bg4 f6 26. Rh2 Rd7 27. gxf6 gxf6
28. Rh8+ Ke7 29. Qh6 Kd8 30. Qxf6+ Re7 31. Rxd6+ Bd7 32. Bh5 Qc5+ 33. Kg2 Kc7
34. Nd5+ Kb8 35. Bxe8 Qxc2+ 36. Kf3 Qd1+ 37. Kg3 Qg1+ 38. Kf3 Qd1+ 39. Ke3 Qc1+
40. Kf3 Qd1+ 41. Ke3 1/2-1/2

[Event "1er Grand Prix de l'Essonne D"]
[Site "Orsay"]
[Date "2009.02.20"]
[Round "6"]
[White "Vedrunes, Jean"]
[Black "Cibiel, Fanny"]
[Result "1-0"]
[WhiteElo "1767"]
[BlackElo "1340"]
[PlyCount "59"]
[EventDate "2009.02.15"]
[EventType "tourn"]
[EventRounds "7"]
[EventCountry "FRA"]

1. d4 e6 2. e4 d5 3. Nc3 Nf6 4. e5 Nfd7 5. Bd3 c5 6. dxc5 Bxc5 7. Qg4 O-O 8.
Bh6 g6 9. Bxf8 Kxf8 10. Nf3 Qb6 11. O-O-O Nc6 12. Qh3 h5 13. Na4 Qa5 14. Nxc5
Nxc5 15. a3 Nxd3+ 16. Rxd3 b6 17. Rg1 Ba6 18. Rc3 Rc8 19. g4 Ne7 20. Rxc8+ Bxc8
21. gxh5 gxh5 22. Qxh5 Ng6 23. Ng5 Bd7 24. Nh7+ Ke7 25. Qg5+ Ke8 26. Nf6+ Ke7
27. Nxd5+ Kf8 28. Qd8+ Be8 29. Nf6 Qxe5 30. Nd7+ 1-0

[Event "1er Grand Prix de l'Essonne D"]
[Site "Orsay"]
[Date "2009.02.21"]
[Round "7"]
[White "Chanut, Pierre"]
[Black "Vedrunes, Jean"]
[Result "1-0"]
[WhiteElo "1604"]
[BlackElo "1767"]
[PlyCount "76"]
[EventDate "2009.02.15"]
[EventType "tourn"]
[EventRounds "7"]
[EventCountry "FRA"]

1. d4 e6 2. e4 d5 3. e5 c5 4. c3 Nc6 5. Nf3 Qb6 6. a3 a5 7. Bd3 f5 8. O-O cxd4
9. cxd4 Bd7 10. Bc2 Nge7 11. Nc3 Ng6 12. Na4 Qa7 13. Bg5 h6 14. Be3 b5 15. Nc5
Be7 16. Nd3 O-O 17. Qd2 a4 18. Rfd1 Na5 19. Qe2 Nc4 20. Bd2 Rf7 21. Bb4 Bxb4
22. axb4 Nf8 23. Ra2 Qb8 24. Rda1 g5 25. Qd1 Nb6 26. b3 axb3 27. Rxa8 Nxa8 28.
Bxb3 Nb6 29. Ra2 Ng6 30. Qc1 Nc4 31. Nc5 g4 32. Qxh6 gxf3 33. Nxd7 Rxd7 34.
Qxg6+ Rg7 35. Qxe6+ Kh7 36. Qxf5+ Rg6 37. Ra6 Qe8 38. Bc2 Kh6 1-0

[Event "1er Grand Prix de l'Essonne D"]
[Site "Orsay"]
[Date "2009.02.21"]
[Round "7"]
[White "Imperor, Lorene"]
[Black "Poilane, Anthony"]
[Result "1/2-1/2"]
[WhiteElo "1638"]
[BlackElo "1735"]
[PlyCount "106"]
[EventDate "2009.02.15"]
[EventType "tourn"]
[EventRounds "7"]
[EventCountry "FRA"]

1. f4 Nf6 2. Nf3 b6 3. e3 Bb7 4. b3 g6 5. Bb2 Bg7 6. Be2 O-O 7. O-O c5 8. d3
Nc6 9. Qe1 d5 10. Nbd2 Qc7 11. Ne5 Nxe5 12. Bxe5 Qd7 13. h3 Ne8 14. Nf3 Nd6 15.
Bxg7 Kxg7 16. Ne5 Qd8 17. Qf2 f6 18. Nf3 e5 19. fxe5 fxe5 20. Qg3 Qe7 21. Qxe5+
Qxe5 22. Nxe5 Rae8 23. Rxf8 Kxf8 24. Rf1+ Kg7 25. d4 Re7 26. Bd3 c4 27. bxc4
dxc4 28. Nxc4 Nxc4 29. Bxc4 Be4 30. c3 Rc7 31. Bb3 Rxc3 32. Rf7+ Kh6 33. Kf2 a5
34. Rf6 b5 35. Rb6 a4 36. Bd1 Ra3 37. Rxb5 Rxa2+ 38. Ke1 Bxg2 39. h4 Ra1 40.
Kd2 a3 41. Ra5 Be4 42. d5 Bf5 43. d6 Ra2+ 44. Kc3 Rb2 45. Bb3 Re2 46. Rxa3
Rxe3+ 47. Kb2 Rd3 48. Ra6 Bd7 49. Kc2 Rd4 50. Kc3 Rxh4 51. Ra7 Bf5 52. d7 Bxd7
53. Rxd7 Kg5 1/2-1/2